[Event "Belfort YWCC boys under 12"]
[Site "Belfort"]
[Date "2005.07.22"]
[EventDate "2005.07.??"]
[Round "3"]
[Result "1/2-1/2"]
[White "Ray Robson"]
[Black "Wesley So"]
[WhiteElo "2021"]
[BlackElo "2165"]
[PlyCount "93"]

1. e4 c5 2. Nf3 Nc6 3. d4 cxd4 4. Nxd4 Nf6 5. Nc3 e5 6. Ndb5
d6 7. Bg5 a6 8. Na3 b5 9. Nd5 Be7 10. Bxf6 Bxf6 11. c3 O-O
12. Nc2 Rb8 13. Be2 Bg5 14. O-O Be6 15. Nce3 Ne7 16. Bf3 a5
17. a3 Nxd5 18. Nxd5 Qd7 19. Qd3 g6 20. Rfd1 Rfc8 21. g3 Rc5
22. b4 axb4 23. axb4 Rc4 24. Ra3 Qc6 25. h4 Bxd5 26. exd5 Qe8
27. hxg5 e4 28. Qe3 exf3 29. Qxf3 Qe5 30. Qf6 Re8 31. Qxe5
Rxe5 32. Rd3 Rxg5 33. Ra6 Re5 34. Rxd6 Kg7 35. Rd8 Re1+
36. Kg2 Rc1 37. d6 R1xc3 38. Rd5 Rc8 39. Rxc8 Rxc8 40. Rxb5
Kf6 41. Rb6 Ke6 42. Kf3 Rd8 43. Kf4 f6 44. g4 Rxd6 45. Rxd6+
Kxd6 46. g5 fxg5+ 47. Kxg5 1/2-1/2

[Event "Singapore International Masters Open"]
[Site "Hotel Royal"]
[Date "2005.12.26"]
[EventDate "2005.??.??"]
[Round "1"]
[Result "1-0"]
[White "Wesley So"]
[Black "Zhao Xue"]
[WhiteElo "2165"]
[BlackElo "2478"]
[PlyCount "77"]

1. e4 c5 2. Nf3 d6 3. d4 cxd4 4. Nxd4 Nf6 5. Nc3 a6 6. f4 e5
7. Nf3 Nbd7 8. a4 Be7 9. Bd3 O-O 10. O-O exf4 11. Kh1 Nc5
12. Bxf4 Bg4 13. Be3 Rc8 14. Qd2 Bd7 15. b4 Nxd3 16. cxd3 d5
17. Nxd5 Nxd5 18. exd5 Bg4 19. Ne5 Bh5 20. Nc4 b5 21. Nb6 Rb8
22. a5 f6 23. Rac1 Bf7 24. Bf4 Bd6 25. Bxd6 Qxd6 26. Rc6 Qd8
27. Qf4 Re8 28. Qg3 Rb7 29. d6 Be6 30. Rfc1 h5 31. Rc7 Rxc7
32. dxc7 Qd4 33. Qe1 Kf7 34. Qc3 Qxc3 35. Rxc3 Bc8 36. Rc1 Rh8
37. Re1 h4 38. h3 f5 39. d4 1-0

[Event "Spice Cup 2012"]
[Site "Saint Louis United States"]
[Date "2012.10.14"]
[EventDate "2012.10.12"]
[Round "3"]
[Result "1/2-1/2"]
[White "Maxime Vachier-Lagrave"]
[Black "Wesley So"]
[WhiteElo "2705"]
[BlackElo "2677"]
[PlyCount "78"]

1. c4 e6 2. Nc3 d5 3. d4 Be7 4. cxd5 exd5 5. Bf4 c6 6. e3 Nf6
7. Bd3 Nbd7 8. Nge2 Nh5 9. g4 Nxf4 10. Nxf4 Bd6 11. Qd2 Nf8
12. h3 h5 13. Nxh5 g6 14. Ng3 Bxg3 15. fxg3 Bxg4 16. e4 dxe4
17. Bxe4 Qe7 18. Kf2 Rxh3 19. d5 O-O-O 20. Rxh3 Bxh3 21. Qe3
Kb8 22. dxc6 bxc6 23. Bxc6 Qf6+ 24. Bf3 Bg4 25. Rd1 Rxd1
26. Nxd1 Bxf3 27. Qxf3 Qxf3+ 28. Kxf3 Kc7 29. Ke4 Kd6 30. Nc3
f5+ 31. Ke3 a6 32. b4 g5 33. b5 axb5 34. Nxb5+ Kc5 35. Nd4 f4+
36. gxf4 gxf4+ 37. Ke4 Kb4 38. Kxf4 Ka3 39. Kf5 Kxa2 1/2-1/2

[Event "Reykjavik Open"]
[Site "Reykjavik ISL"]
[Date "2013.02.23"]
[EventDate "2013.02.19"]
[Round "6"]
[Result "1/2-1/2"]
[White "Maxime Vachier-Lagrave"]
[Black "Wesley So"]
[WhiteElo "2715"]
[BlackElo "2684"]
[PlyCount "54"]

1. e4 c5 2. Nf3 e6 3. d4 cxd4 4. Nxd4 Nc6 5. Nc3 Qc7 6. Be3 a6
7. Bd3 Nf6 8. O-O b5 9. Qe2 Bb7 10. f4 Nxd4 11. Bxd4 Bc5
12. Bxc5 Qxc5+ 13. Kh1 d6 14. e5 dxe5 15. fxe5 Nd7 16. Be4 Bc6
17. Qh5 g6 18. Qf3 O-O 19. Bxc6 Nxe5 20. Bxa8 Nxf3 21. Bxf3 b4
22. Ne4 Qxc2 23. Rf2 Qc7 24. Nf6+ Kg7 25. Be2 Rc8 26. Raf1 Qa7
27. g4 Rc1 1/2-1/2

[Event "SPICE Cup"]
[Site "St Louis USA"]
[Date "2012.10.20"]
[EventDate "2012.10.12"]
[Round "8"]
[Result "0-1"]
[White "Wesley So"]
[Black "Maxime Vachier-Lagrave"]
[WhiteElo "2677"]
[BlackElo "2705"]
[PlyCount "106"]

1. d4 Nf6 2. c4 g6 3. Nc3 d5 4. Qb3 dxc4 5. Qxc4 Be6 6. Qb5+
Bd7 7. Qd3 c5 8. d5 Bg7 9. e4 O-O 10. e5 Ng4 11. f4 Na6
12. Qd1 Nh6 13. Nf3 Nf5 14. Bc4 b5 15. Bxb5 Bxb5 16. Nxb5 Nb4
17. Nc3 Nd4 18. O-O Rc8 19. a3 Nxd5 20. Nxd4 cxd4 21. Qxd4
Nxc3 22. bxc3 Qxd4+ 23. cxd4 Rc3 24. Rd1 e6 25. Bd2 Rb3
26. Bb4 Rd8 27. Bc5 Bf8 28. Bxa7 Bxa3 29. Rab1 Rc3 30. Kf1 Rd7
31. Bb6 Rc2 32. Rb3 Rb7 33. Rdb1 Be7 34. Ba5 Ra7 35. Bc3 Kg7
36. Bb2 Rac7 37. Re1 Bh4 38. g3 Rxh2 39. Kg1 Bxg3 40. Rxg3
Rxb2 41. Rg2 Rb4 42. Rd1 Rd7 43. Rgd2 f6 44. Kg2 fxe5 45. fxe5
h5 46. d5 Re4 47. d6 Rxe5 48. Kf3 Kf6 49. Rd3 Rf5+ 50. Ke4 g5
51. Rh1 h4 52. Rc1 Re5+ 53. Kf3 Rd5 0-1

[Event "SPICE Cup"]
[Site "St Louis USA"]
[Date "2012.10.16"]
[EventDate "2012.10.12"]
[Round "5"]
[Result "1/2-1/2"]
[White "Le Quang Liem"]
[Black "Wesley So"]
[WhiteElo "2703"]
[BlackElo "2677"]
[PlyCount "70"]

1. d4 Nf6 2. c4 e6 3. Nf3 d5 4. Nc3 dxc4 5. e3 a6 6. a4 c5
7. Bxc4 Nc6 8. O-O Be7 9. Qe2 cxd4 10. Rd1 e5 11. exd4 exd4
12. Nxd4 Nxd4 13. Qe5 Qd6 14. Qxd4 Qxd4 15. Rxd4 Bc5 16. Rd3
Bf5 17. Rf3 Be6 18. Be3 Rc8 19. Bxe6 fxe6 20. Re1 Kf7 21. Ne4
Bb4 22. Re2 h6 23. h3 Rc4 24. Nxf6 gxf6 25. Rf4 Rxf4 26. Bxf4
e5 27. Be3 h5 28. Rc2 Bd6 29. g3 Ke6 30. Rc4 f5 31. b3 Kd5
32. Bb6 Rf8 33. Rh4 Rh8 34. Rc4 Rf8 35. Rh4 Rh8 1/2-1/2

[Event "1st Dragon Capital Vietnam Open"]
[Site "Vung Tau VIE"]
[Date "2008.08.31"]
[EventDate "2008.08.27"]
[Round "7"]
[Result "1/2-1/2"]
[White "Wesley So"]
[Black "Le Quang Liem"]
[WhiteElo "2577"]
[BlackElo "2577"]
[PlyCount "54"]

1. e4 e5 2. Nf3 Nf6 3. Nxe5 d6 4. Nf3 Nxe4 5. d4 d5 6. Bd3 Nc6
7. O-O Be7 8. c4 Nb4 9. cxd5 Nxd3 10. Qxd3 Qxd5 11. Re1 Bf5
12. Ne5 O-O-O 13. Qf3 g6 14. g4 Bh4 15. Nc3 Nxc3 16. bxc3 Be6
17. g5 Rhe8 18. c4 Qxd4 19. Rb1 c6 20. Bf4 Qc5 21. Nxc6 Rd3
22. Re3 Rxe3 23. Nxa7+ Qxa7 24. Bxe3 Qa8 25. Qe4 Bd7 26. Qxh4
Qxa2 27. Re1 Qa5 1/2-1/2

[Event "Tata Steel Group B"]
[Site "Wijk aan Zee NED"]
[Date "2011.01.15"]
[EventDate "2011.01.14"]
[Round "1"]
[Result "1/2-1/2"]
[White "Le Quang Liem"]
[Black "Wesley So"]
[WhiteElo "2664"]
[BlackElo "2673"]
[PlyCount "71"]

1. Nf3 d5 2. d4 Nf6 3. c4 e6 4. g3 Be7 5. Bg2 O-O 6. O-O dxc4
7. Qc2 a6 8. a4 Bd7 9. Qxc4 Bc6 10. Bf4 Bd6 11. Bg5 Nbd7
12. Nc3 h6 13. Bxf6 Nxf6 14. Rfd1 Qe7 15. Nd2 Bxg2 16. Kxg2
Rfd8 17. Nde4 Nxe4 18. Nxe4 a5 19. Rac1 c6 20. f4 Qd7 21. Nd2
Rac8 22. Nf3 b5 23. Qc2 bxa4 24. Qxa4 Qb7 25. Qxa5 Qxb2
26. Qd2 Qb7 27. Qe3 Bf8 28. Rd3 c5 29. dxc5 Rd5 30. Qe4 Rcxc5
31. Rxc5 Bxc5 32. Rxd5 Qxd5 33. Qxd5 exd5 34. Ne5 f5 35. Kf3
Bd6 36. Nd3 1/2-1/2

[Event "SPICE Cup"]
[Site "St Louis USA"]
[Date "2012.10.21"]
[EventDate "2012.10.12"]
[Round "10"]
[Result "1/2-1/2"]
[White "Wesley So"]
[Black "Le Quang Liem"]
[WhiteElo "2677"]
[BlackElo "2703"]
[PlyCount "81"]

1. Nf3 Nf6 2. c4 g6 3. g3 Bg7 4. Bg2 d5 5. cxd5 Nxd5 6. d4 Nb6
7. Nc3 Nc6 8. Bf4 O-O 9. e3 h6 10. h4 Bg4 11. O-O a5 12. Qc2
Nb4 13. Qe4 c6 14. Bc7 Bxf3 15. Bxd8 Bxe4 16. Bxb6 Bxg2
17. Kxg2 Ra6 18. Bc5 Re8 19. Na4 e5 20. dxe5 Bxe5 21. Rfd1 b5
22. Nc3 Raa8 23. a3 Na6 24. Bb6 Nc7 25. Bd4 Bxd4 26. exd4 Rad8
27. Rac1 Rd6 28. Kf1 Kg7 29. Rc2 b4 30. axb4 axb4 31. Na4 Red8
32. Rc4 Ne6 33. Nc5 Nxc5 34. Rxc5 Rxd4 35. Rxd4 Rxd4 36. Ke2
Rd6 37. Rc4 Re6+ 38. Kd2 Rd6+ 39. Ke2 Re6+ 40. Kd2 Rd6+
41. Ke2 1/2-1/2

[Event "Chess Olympiad"]
[Site "Istanbul TUR"]
[Date "2012.09.05"]
[EventDate "2012.08.28"]
[Round "8.6"]
[Result "1/2-1/2"]
[White "Michael Adams"]
[Black "Wesley So"]
[WhiteElo "2722"]
[BlackElo "2652"]
[PlyCount "101"]

1. e4 c6 2. d4 d5 3. e5 Bf5 4. Nf3 e6 5. Be2 Ne7 6. c3 Nd7
7. Nh4 Be4 8. Nd2 Ng6 9. Nhf3 Bf5 10. Nf1 Be4 11. Ng3 Bxf3
12. Bxf3 Nh4 13. O-O Nxf3+ 14. Qxf3 c5 15. Nh5 Rc8 16. Qg3 g6
17. Bg5 Be7 18. Ng7+ Kf8 19. Bh6 Kg8 20. Nh5 Bf8 21. Be3 h6
22. Nf4 Kh7 23. h4 Be7 24. h5 g5 25. Ne2 cxd4 26. Nxd4 Rf8
27. f4 gxf4 28. Bxf4 Bg5 29. Rae1 Nc5 30. Re3 Ne4 31. Qe1 Qe7
32. Ref3 f5 33. exf6 Bxf6 34. Qe2 Bg7 35. Be3 Rxf3 36. Qxf3
Rf8 37. Qg4 Rxf1+ 38. Kxf1 Qf7+ 39. Kg1 Bxd4 40. Bxd4 a6
41. c4 Nd6 42. cxd5 exd5 43. Bc3 Ne4 44. Bd4 Nd6 45. a3 Nf5
46. Be5 Ng7 47. Bxg7 Qxg7 48. Qf5+ Kh8 49. Qc8+ Kh7 50. Qf5+
Kh8 51. Qc8+ 1/2-1/2

[Event "8th Dubai Open"]
[Site "Dubai"]
[Date "2006.04.27"]
[EventDate "2006.??.??"]
[Round "5.9"]
[Result "1-0"]
[White "Gabriel Sargissian"]
[Black "Wesley So"]
[WhiteElo "2612"]
[BlackElo "2254"]
[PlyCount "121"]

1. d4 Nf6 2. c4 e6 3. Nc3 Bb4 4. Nf3 c5 5. g3 cxd4 6. Nxd4 O-O
7. Bg2 d5 8. cxd5 Nxd5 9. Qb3 Nc6 10. Nxc6 bxc6 11. O-O Qa5
12. Bd2 Bxc3 13. bxc3 Ba6 14. Rfd1 Qc5 15. e4 Bc4 16. Qa4 Nb6
17. Qb4 Qh5 18. Bf4 Be2 19. Re1 Rfd8 20. Bc7 Rd7 21. Bf4 Rad8
22. h3 c5 23. Qb2 Bd3 24. Qc1 c4 25. Qa3 Qb5 26. Be3 e5 27. h4
Qa4 28. Qc1 f6 29. h5 Qc2 30. Qxc2 Bxc2 31. Rec1 Bd3 32. a4
Rc7 33. Ra2 Nd7 34. Rb2 Rb8 35. Rxb8+ Nxb8 36. a5 Na6 37. Ra1
Nc5 38. f3 Rc6 39. Ra3 a6 40. Bh3 Kf7 41. Kf2 Rc7 42. h6 g6
43. Bxc5 Rxc5 44. Ra2 f5 45. g4 Kf6 46. gxf5 gxf5 47. Bxf5 Kg5
48. Bxh7 Kxh6 49. Bf5 Kg5 50. Ke3 Kf6 51. f4 exf4+ 52. Kxf4
Re5 53. Ke3 Ke7 54. Kd4 Kd6 55. Rh2 Rxa5 56. Rh6+ Ke7 57. Be6
Be2 58. Bd5 Ra1 59. e5 Rg1 60. Rh7+ Kf8 61. e6 1-0

[Event "Tata Steel Group B"]
[Site "Wijk aan Zee NED"]
[Date "2011.01.16"]
[EventDate "2011.01.14"]
[Round "2"]
[Result "1/2-1/2"]
[White "Wesley So"]
[Black "Gabriel Sargissian"]
[WhiteElo "2673"]
[BlackElo "2667"]
[PlyCount "51"]

1. e4 e5 2. Nf3 Nc6 3. d4 exd4 4. Nxd4 Nf6 5. Nxc6 bxc6 6. e5
Qe7 7. Qe2 Nd5 8. c4 Ba6 9. b3 g6 10. f4 d6 11. Qf2 Nf6
12. Be2 dxe5 13. O-O Qc5 14. Be3 Ne4 15. Qf3 Qxe3+ 16. Qxe3
Bc5 17. Qxc5 Nxc5 18. fxe5 O-O 19. Nd2 Rfe8 20. Nf3 Ne6
21. Bd3 Bb7 22. Be4 Nc5 23. Bc2 Ne6 24. Be4 Nc5 25. Bc2 Ne6
26. Be4 1/2-1/2

[Event "3rd Dato Arthur Tan Open "]
[Site "Kuala Lumpur, Malaysia"]
[Date "2006.02.21"]
[EventDate "2002.01.01"]
[Round "7"]
[Result "1-0"]
[White "Wesley So"]
[Black "Ian Rogers"]
[WhiteElo "2330"]
[BlackElo "2548"]
[PlyCount "99"]

1. e4 Nc6 2. Nc3 e6 3. d4 d5 4. Nf3 Nf6 5. e5 Ne4 6. Ne2 f6
7. Ng3 f5 8. c3 Be7 9. h4 O-O 10. Bd3 Nb8 11. Ne2 c5 12. g3
Nc6 13. O-O cxd4 14. cxd4 Bd7 15. Ne1 Qb6 16. Kg2 a5 17. Bb1
Rf7 18. f3 Raf8 19. Bc2 h6 20. Ba4 g5 21. fxe4 fxe4 22. Rxf7
Rxf7 23. Bxc6 bxc6 24. hxg5 hxg5 25. b3 c5 26. Be3 Bb5 27. Nc3
cxd4 28. Qxd4 Qb8 29. Nxb5 Qxb5 30. Bf2 Qe2 31. Qe3 Qb2
32. Rd1 Qxe5 33. Rc1 Qf5 34. Rc8+ Kg7 35. Nc2 e5 36. Rc7 Kg6
37. Rc6+ Bf6 38. Rd6 Rh7 39. g4 Qxg4+ 40. Qg3 Qh5 41. Kf1 d4
42. Qxe5 Qh3+ 43. Ke1 Qc3+ 44. Kd1 Rh1+ 45. Be1 Rxe1+ 46. Nxe1
Qa1+ 47. Kd2 Qc3+ 48. Kd1 Qa1+ 49. Kd2 Qxa2+ 50. Nc2 1-0

[Event "3rd Singapore Masters Chess Open"]
[Site "ASEAN Chess Academy"]
[Date "2006.12.29"]
[EventDate "2006.12.26"]
[Round "7"]
[Result "1-0"]
[White "Wesley So"]
[Black "Li Chao"]
[WhiteElo "2411"]
[BlackElo "2508"]
[PlyCount "43"]

1. e4 e5 2. Nf3 Nc6 3. Nc3 Nf6 4. d4 exd4 5. Nxd4 Bb4 6. Nxc6
bxc6 7. Bd3 O-O 8. O-O Re8 9. Bg5 h6 10. Bh4 Rb8 11. f4 Be7
12. b3 Bc5+ 13. Kh1 Bd4 14. Ne2 Bxa1 15. Qxa1 d6 16. Ng3 Re6
17. f5 Re5 18. Nh5 Kh7 19. Qe1 d5 20. Bxf6 gxf6 21. Qh4 Qe7
22. Qg3 1-0

[Event "Dubai Open"]
[Site "Dubai UAE"]
[Date "2008.04.14"]
[EventDate "2008.04.07"]
[Round "9"]
[Result "1/2-1/2"]
[White "Wesley So"]
[Black "Li Chao"]
[WhiteElo "2540"]
[BlackElo "2582"]
[PlyCount "35"]

1. e4 c5 2. Nf3 d6 3. d4 cxd4 4. Nxd4 Nf6 5. Nc3 g6 6. Be3 Bg7
7. f3 Nc6 8. Qd2 O-O 9. Bc4 Bd7 10. h4 Rc8 11. Bb3 h5
12. O-O-O Ne5 13. Bg5 Rc5 14. g4 hxg4 15. f4 Nc6 16. Bxf6 Bxf6
17. e5 Bg7 18. Qg2 1/2-1/2

[Event "Tata Steel Group B"]
[Site "Wijk aan Zee NED"]
[Date "2011.01.25"]
[EventDate "2011.01.14"]
[Round "9"]
[Result "0-1"]
[White "Wesley So"]
[Black "Li Chao"]
[WhiteElo "2673"]
[BlackElo "2649"]
[PlyCount "68"]

1. d4 Nf6 2. c4 g6 3. g3 Bg7 4. Bg2 d5 5. cxd5 Nxd5 6. e4 Nb6
7. Ne2 c5 8. d5 e6 9. O-O O-O 10. Nec3 Na6 11. a4 exd5
12. exd5 Nc4 13. Na3 Ne5 14. Be3 Bg4 15. Qb3 Nf3+ 16. Kh1 Qd7
17. h3 Nd4 18. Bxd4 cxd4 19. hxg4 dxc3 20. bxc3 Rac8 21. Nb5
Nc5 22. Qa3 a6 23. Na7 Rc7 24. Nc6 Nd3 25. Rad1 Nxf2+ 26. Rxf2
Rxc6 27. dxc6 Qxd1+ 28. Kh2 bxc6 29. Qb4 Be5 30. Bxc6 Qd3
31. Rf3 Qe2+ 32. Kh3 Qe1 33. Kg2 Rd8 34. Qc5 Rd1 0-1

[Event "Battle of Grandmasters"]
[Site "Manila PHI"]
[Date "2008.04.28"]
[EventDate "2008.04.28"]
[Round "4.2"]
[Result "1/2-1/2"]
[White "Wesley So"]
[Black "Eugenio Torre"]
[WhiteElo "2540"]
[BlackElo "2519"]
[PlyCount "76"]

1. e4 e5 2. Nf3 Nc6 3. Bb5 a6 4. Ba4 Nf6 5. O-O Nxe4 6. d4 b5
7. Bb3 d5 8. dxe5 Be6 9. Nbd2 Nc5 10. c3 Nxb3 11. Nxb3 Be7
12. Nfd4 Qd7 13. Nxc6 Qxc6 14. f4 Qd7 15. Be3 a5 16. a4 Bg4
17. Qd4 O-O 18. h3 Bf5 19. Qd1 bxa4 20. Nd4 a3 21. Nxf5 Qxf5
22. bxa3 Rfd8 23. Qd2 h5 24. Qf2 Rab8 25. Bc5 Bxc5 26. Qxc5
Rb2 27. Rf2 Rxf2 28. Qxf2 Rb8 29. Rf1 Rb1 30. Rxb1 Qxb1+
31. Kh2 Qc1 32. Qd4 Qxa3 33. Qxd5 Qxc3 34. Qa8+ Kh7 35. Qd5 h4
36. Qxf7 Qg3+ 37. Kg1 Qe1+ 38. Kh2 Qg3+ 1/2-1/2

[Event "4th Pichay Cup International Open"]
[Site "Manila"]
[Date "2008.09.17"]
[EventDate "2008.09.14"]
[Round "6"]
[Result "1-0"]
[White "Wesley So"]
[Black "Mark Paragua"]
[WhiteElo "2577"]
[BlackElo "2523"]
[PlyCount "115"]

1. e4 e6 2. d4 d5 3. Nc3 Bb4 4. e5 c5 5. Qg4 Ne7 6. dxc5 Bxc3+
7. bxc3 Qc7 8. Nf3 Qxc5 9. Bd2 O-O 10. Bd3 f5 11. exf6 Rxf6
12. Qh5 g6 13. Qg5 Nd7 14. O-O Nc6 15. c4 d4 16. Rfe1 b6
17. Qg3 Ba6 18. Ng5 Qe7 19. Be4 Rc8 20. Bd5 Nd8 21. Nxe6 Nxe6
22. Bg5 Ndc5 23. Qa3 Qf7 24. Bxf6 Qxf6 25. Qxa6 Nxa6 26. Rxe6
Qd8 27. Rd6+ Kg7 28. Rxd8 Rxd8 29. Rd1 Nb4 30. Rxd4 Nxa2
31. f4 Nc3 32. Kf2 b5 33. Ke3 bxc4 34. Bf3 Re8+ 35. Kf2 a5
36. Rxc4 Nb5 37. Bc6 Rb8 38. Ra4 Rb6 39. Bf3 Ra6 40. Be2 Nc3
41. Bxa6 Nxa4 42. Ke3 Nb2 43. Kd4 a4 44. Bc4 h5 45. g3 Kf6
46. Kc3 a3 47. Bd3 g5 48. fxg5+ Kxg5 49. Kb3 Nxd3 50. cxd3 Kg4
51. Kxa3 Kh3 52. d4 Kxh2 53. d5 Kxg3 54. d6 h4 55. d7 h3
56. d8=Q Kg2 57. Qg5+ Kh1 58. Qf4 1-0

[Event "World Youth U-16 Chess Olympiad"]
[Site "Mersin TURKEY"]
[Date "2008.08.20"]
[EventDate "2008.08.20"]
[Round "6.2"]
[Result "1-0"]
[White "Wesley So"]
[Black "Baskaran Adhiban"]
[WhiteElo "2577"]
[BlackElo "2422"]
[PlyCount "143"]

1. e4 e5 2. Bc4 Nf6 3. d3 Nc6 4. Nc3 Na5 5. Qf3 d6 6. h3 Be7
7. Nge2 O-O 8. O-O c6 9. a4 Nxc4 10. dxc4 Be6 11. b3 Qa5
12. Rd1 Rfd8 13. Bd2 Qc7 14. Be3 Qa5 15. Bd2 Qc7 16. Bg5 h6
17. Be3 Qa5 18. Bd2 Qc7 19. Bc1 Rd7 20. Ng3 Rad8 21. Ba3 Qa5
22. Rd3 a6 23. Nf5 Bxf5 24. Qxf5 b5 25. axb5 axb5 26. cxb5
cxb5 27. Ra2 b4 28. Bc1 Qb6 29. Nd5 Nxd5 30. Rxd5 Rc7 31. Qg4
Kh7 32. Qe2 Rb8 33. Bd2 Qc6 34. Qd3 Bf8 35. f4 Kg8 36. f5 Be7
37. Kh2 Kh7 38. Rda5 Qb7 39. R5a4 d5 40. exd5 e4 41. Qxe4 Bd6+
42. Bf4 Re8 43. Qd4 Bc5 44. Qd3 Rd7 45. d6 Qe4 46. Qxe4 Rxe4
47. Bg3 Bxd6 48. Bxd6 Rxd6 49. c4 Rd1 50. Ra7 Kg8 51. Ra8+ Kh7
52. Rf8 Re7 53. Raa8 g5 54. f6 Re6 55. Rxf7+ Kg6 56. Rff8 Rd2
57. f7 Ree2 58. Rg8+ Kxf7 59. Raf8+ Ke6 60. Re8+ Kd6 61. Rxe2
Rxe2 62. Rb8 Kc6 63. Rxb4 Rb2 64. Rb5 Rb1 65. Kg3 Rb2 66. Kf3
Kc7 67. g3 h5 68. h4 g4+ 69. Kf4 Rf2+ 70. Kg5 Rf3 71. Kxh5
Rxg3 72. Kg6 1-0

[Event "Spice Cup"]
[Site "Lubbock"]
[Date "2009.09.28"]
[EventDate "?"]
[Round "10"]
[Result "1/2-1/2"]
[White "Wesley So"]
[Black "Dmitry Andreikin"]
[WhiteElo "2644"]
[BlackElo "2659"]
[PlyCount "35"]

1.e4 c5 2.Nf3 e6 3.d4 cxd4 4.Nxd4 a6 5.Bd3 Bc5 6.Nb3 Ba7 7.Qg4
Nf6 8.Qg3 d6 9.Nc3 Nc6 10.Bg5 h6 11.Bd2 e5 12.Nd5 Nh5 13.Qf3
Nf6 14.O-O-O Be6 15.Qg3 Nh5 16.Qf3 Nf6 17.Qg3 Nh5 18.Qf3
1/2-1/2

[Event "Spice Cup"]
[Site "Lubbock"]
[Date "2009.09.22"]
[EventDate "?"]
[Round "5"]
[Result "1/2-1/2"]
[White "Dmitry Andreikin"]
[Black "Wesley So"]
[WhiteElo "2659"]
[BlackElo "2644"]
[PlyCount "34"]

1.c4 c6 2.e4 d5 3.exd5 cxd5 4.d4 Nf6 5.Nc3 Nc6 6.Bg5 dxc4
7.Bxc4 Qxd4 8.Qxd4 Nxd4 9.O-O-O e5 10.f4 Bg4 11.Nf3 Nxf3
12.gxf3 Bxf3 13.fxe5 Bxh1 14.exf6 h6 15.Nb5 Rc8 16.fxg7 Bxg7
17.Nd6 Kd7 1/2-1/2

[Event "Biel Chess Festival"]
[Site "Biel SUI"]
[Date "2010.07.28"]
[EventDate "2010.07.19"]
[Round "9"]
[Result "1/2-1/2"]
[White "Wesley So"]
[Black "Dmitry Andreikin"]
[WhiteElo "2674"]
[BlackElo "2650"]
[PlyCount "172"]

1. Nf3 Nf6 2. c4 d6 3. Nc3 e5 4. d4 Nbd7 5. e4 Be7 6. Be2 O-O
7. O-O c6 8. Qc2 a6 9. Rd1 Qc7 10. Be3 Re8 11. Rac1 Ng4
12. Bd2 Ngf6 13. h3 Qb8 14. Be3 b5 15. a3 Bb7 16. b4 Bf8
17. d5 Rc8 18. Nd2 Be7 19. dxc6 Bxc6 20. Qd3 Nb6 21. Nd5 Bxd5
22. cxd5 Qb7 23. Qb1 Na4 24. Qa1 Bd8 25. Bd3 Bb6 26. Bxb6 Qxb6
27. Nb3 Nh5 28. Na5 Qd8 29. Rc6 Nf4 30. Bf1 Rxc6 31. Nxc6 Qg5
32. g3 Ng6 33. Qc1 Qxc1 34. Rxc1 Rc8 35. h4 Kf8 36. Bh3 Rc7
37. Kf1 Ne7 38. Ke2 Ke8 39. Rc2 Nxc6 40. dxc6 Nb6 41. Rc3 Ke7
42. Kd3 Nc4 43. Bd7 Nb2+ 44. Ke2 Na4 45. Rc2 Nb6 46. Bh3 Nc4
47. Bd7 Nb6 48. Bh3 Kd8 49. f4 Re7 50. Kf3 Kc7 51. Bf1 Nc8
52. Bh3 Nb6 53. Bf1 exf4 54. gxf4 d5 55. Bd3 Nc4 56. Kf2 Kxc6
57. exd5+ Kxd5 58. Bxh7 Kd4 59. Bg8 Nxa3 60. Rc6 Nc4 61. Rxa6
Kc3 62. h5 Kxb4 63. h6 gxh6 64. Rf6 Re8 65. Bh7 Re7 66. Rxh6
Kc3 67. Rf6 b4 68. Bg8 Re8 69. Bxf7 Rf8 70. Rf5 b3 71. Bg6
Rxf5 72. Bxf5 Na3 73. Be6 Nc4 74. Bf5 b2 75. Ke2 Na3 76. Kd1
Nc4 77. Bb1 Nd2 78. Ba2 Nc4 79. Bb1 Na3 80. Ba2 Nc2 81. Bb1
Ne3+ 82. Ke2 Nd5 83. f5 Kd4 84. Kd2 Ke5 85. Kc2 Kxf5 86. Kxb2+
Ke5 1/2-1/2

[Event "World Cup"]
[Site "Khanty-Mansiysk RUS"]
[Date "2009.11.24"]
[EventDate "2009.11.21"]
[Round "2.1"]
[Result "0-1"]
[White "Vassily Ivanchuk"]
[Black "Wesley So"]
[WhiteElo "2739"]
[BlackElo "2640"]
[PlyCount "77"]

1. e4 e6 2. d4 d5 3. Nc3 Bb4 4. exd5 exd5 5. Bd3 Nf6 6. Nge2
O-O 7. O-O Bg4 8. f3 Bh5 9. Nf4 Bg6 10. Nxg6 hxg6 11. Bg5 c6
12. f4 Qb6 13. Na4 Qxd4+ 14. Kh1 Ne4 15. c3 Nf2+ 16. Rxf2 Qxf2
17. cxb4 f6 18. Qg4 fxg5 19. Qe6+ Kh8 20. Nc5 Qxb2 21. Qh3+
Kg8 22. Qe6+ Kh8 23. Rf1 Qf6 24. Qh3+ Kg8 25. g3 Re8 26. Nxb7
gxf4 27. Rxf4 Re1+ 28. Kg2 Qe6 29. Qxe6+ Rxe6 30. Nc5 Re7
31. b5 Nd7 32. Nxd7 Rxd7 33. bxc6 Rd6 34. Bb5 Re8 35. Rd4 Kf7
36. Rf4+ Ke6 37. Rg4 Ke5 38. Kf3 Rf6+ 39. Ke3 0-1

[Event "Biel Chess Festival"]
[Site "Biel SUI"]
[Date "2010.07.27"]
[EventDate "2010.07.19"]
[Round "8"]
[Result "1-0"]
[White "Anish Giri"]
[Black "Wesley So"]
[WhiteElo "2672"]
[BlackElo "2674"]
[PlyCount "87"]

1. c4 e5 2. Nc3 Nf6 3. Nf3 Nc6 4. g3 Bb4 5. Bg2 O-O 6. O-O
Bxc3 7. bxc3 Re8 8. d3 e4 9. Nd4 exd3 10. exd3 Nxd4 11. cxd4
d5 12. Be3 Bf5 13. Qb3 Qd7 14. Rfe1 c6 15. Bg5 Rxe1+ 16. Rxe1
Re8 17. Rxe8+ Qxe8 18. h3 Qe1+ 19. Kh2 Bxh3 20. Bxf6 Bxg2
21. Kxg2 dxc4 22. Qxb7 gxf6 23. Qc8+ Kg7 24. Qg4+ Kf8 25. dxc4
Qe6 26. Qf4 Kg7 27. c5 a5 28. a4 Kf8 29. Qb8+ Kg7 30. Qf4 Kf8
31. Kh2 f5 32. Qb8+ Kg7 33. Qd8 Qh6+ 34. Kg2 f4 35. Qh4 Qxh4
36. gxh4 Kf6 37. Kf1 Kf5 38. f3 h5 39. Ke2 Ke6 40. Kd3 Kf5
41. Kc3 Kf6 42. Kc2 Ke6 43. Kd2 Kf6 44. Kc3 1-0

[Event "World Cup"]
[Site "Khanty-Mansiysk RUS"]
[Date "2009.12.02"]
[EventDate "2009.11.21"]
[Round "4.5"]
[Result "1-0"]
[White "Vladimir Malakhov"]
[Black "Wesley So"]
[WhiteElo "2706"]
[BlackElo "2640"]
[PlyCount "63"]

1. Nf3 d5 2. d4 Nf6 3. c4 c6 4. e3 Bg4 5. h3 Bxf3 6. Qxf3 e6
7. Nc3 Nbd7 8. Bd3 Bd6 9. Bd2 Qe7 10. O-O O-O 11. cxd5 cxd5
12. Rac1 Rac8 13. e4 dxe4 14. Nxe4 Nxe4 15. Bxe4 b6 16. Bb7
Rcd8 17. a3 Nf6 18. Bg5 Bb8 19. Rfd1 h6 20. Bxf6 gxf6 21. Ba6
Rd5 22. Bc4 Rf5 23. Qg4+ Rg5 24. Qf3 Rf5 25. Qg4+ Rg5 26. Qf3
Kh8 27. d5 Rfg8 28. dxe6 fxe6 29. Bf1 Be5 30. b4 Rf5 31. Qc6
Qg7 32. Rd7 1-0

[Event "World Cup"]
[Site "Khanty-Mansiysk RUS"]
[Date "2009.12.02"]
[EventDate "2009.11.21"]
[Round "4.4"]
[Result "0-1"]
[White "Wesley So"]
[Black "Vladimir Malakhov"]
[WhiteElo "2640"]
[BlackElo "2706"]
[PlyCount "120"]

1. d4 d5 2. c4 c6 3. Nc3 Nf6 4. Nf3 a6 5. e3 b5 6. b3 Bg4
7. h3 Bxf3 8. Qxf3 e5 9. dxe5 Bb4 10. Bd2 Bxc3 11. Bxc3 Ne4
12. Bb4 bxc4 13. e6 fxe6 14. bxc4 Nd7 15. cxd5 cxd5 16. Bd3
Rb8 17. Bxe4 Rxb4 18. Qh5+ Kf8 19. Bd3 g6 20. Qd1 a5 21. O-O
Kg7 22. a3 Rb8 23. Qa4 Rf8 24. Rac1 Rf7 25. Bb5 Nf8 26. Rc5 g5
27. Qg4 h6 28. a4 Rc8 29. Rxc8 Qxc8 30. h4 Qd8 31. hxg5 Qxg5
32. Qd4+ Qf6 33. Qxf6+ Kxf6 34. Rc1 Ra7 35. Kf1 Ng6 36. Ke2
Ne5 37. Rc8 Nf7 38. Rc6 Ne5 39. Rc5 Nf7 40. Rc6 Ne5 41. Rb6
Rc7 42. f4 Rc2+ 43. Kd1 Nc4 44. Kxc2 Nxb6 45. Kd3 e5 46. g4
Ke6 47. Bc6 Kf6 48. Ke2 d4 49. exd4 exf4 50. Kf3 Kg5 51. d5
Nc4 52. Bb5 Nd2+ 53. Ke2 Ne4 54. Kf3 Nd2+ 55. Ke2 Ne4 56. Kd3
Nd6 57. Bd7 Kh4 58. Ke2 Kg3 59. Kf1 f3 60. Bc6 Nc4 0-1

[Event "Battle of Grandmasters"]
[Site "Manila PHI"]
[Date "2008.04.27"]
[EventDate "2008.04.27"]
[Round "3.5"]
[Result "0-1"]
[White "Jayson Gonzales"]
[Black "Wesley So"]
[WhiteElo "2468"]
[BlackElo "2540"]
[PlyCount "82"]

1. Nf3 Nf6 2. c4 c5 3. Nc3 Nc6 4. g3 g6 5. Bg2 Bg7 6. O-O O-O
7. d3 d6 8. a3 a6 9. Rb1 Rb8 10. b4 cxb4 11. axb4 b5 12. cxb5
axb5 13. h3 h6 14. e4 Be6 15. Bd2 Qd7 16. Kh2 g5 17. d4 d5
18. exd5 Nxd5 19. Ne4 Bf5 20. Nc5 Qd6 21. Rb3 Rfd8 22. Re1 Qf6
23. Ne4 Qg6 24. Qe2 Qh5 25. Ra3 Rbc8 26. Rc1 g4 27. Nh4 Nxd4
28. Qd1 Rxc1 29. Bxc1 Be6 30. Nc5 Nc3 31. Qh1 gxh3 32. Bb7 Qe2
33. Nxe6 Qxf2+ 34. Kxh3 Nxe6 35. Qf3 Qc2 36. Bxh6 Ne2 37. Be3
Ng1+ 38. Bxg1 Ng5+ 39. Kg4 Nxf3 40. Nxf3 Qc7 41. Ra7 Qd7+ 0-1